000 03564nam a22004578i 4500
001 CR9781139028769
003 UkCbUP
005 20250131171211.0
006 m|||||o||d||||||||
007 cr||||||||||||
008 110221s2019||||enk o ||1 0|eng|d
020 _a9781139028769 (ebook)
020 _z9780521810357 (hardback)
020 _z9780521008068 (paperback)
040 _aKO
_beng
041 0 _aeng
082 0 0 _a337.60165
_223
100 1 _aCampbell, Gwyn,
_d1952-
_eauthor.
245 1 0 _aAfrica and the Indian Ocean world from early times to circa 1900 /
_cGwyn Campbell.
264 1 _aCambridge :
_bCambridge University Press,
_c2019.
300 _a1 online resource (xv, 305 pages) :
_bdigital, PDF file(s).
338 _aonline resource
490 1 _aNew approaches to African history
500 _aTitle from publisher's bibliographic system (viewed on 26 Jul 2019).
505 0 _aIntroduction -- Africa in the making of an IOW global economy -- Indian Ocean Africa in the first great upswing in the Indian Ocean World global economy, 300 BCE to 300 CE -- Economic instability, ca. 300 to 900 CE -- The second great boom in the IOW global economy ca. 850 to 1250 and its impact in northern IOA -- Southern IOA and the second upsurge in the IOW global economy -- Uncertainties and European intrusion: the IOW global economy, 1300 to 1830 -- The European impact in Indian Ocean Africa, 1500 to 1830 -- The international economy and Indian Ocean Africa -- Indigenous modernisation in Indian Ocean Africa: Egypt, Imerina, and Ethiopia -- The scramble for Indian Ocean Africa -- Africa and slavery in the Indian Ocean World.
520 _aThe history of Africa's historical relationship with the rest of the Indian Ocean world is one of a vibrant exchange that included commodities, people, flora and fauna, ideas, technologies and disease. This connection with the rest of the Indian Ocean world, a macro-region running from Eastern Africa, through the Middle East, South and Southeast Asia to East Asia, was also one heavily influenced by environmental factors. In presenting this rich and varied history, Gwyn Campbell argues that human-environment interaction, more than great men, state formation, or imperial expansion, was the central dynamic in the history of the Indian Ocean world (IOW). Environmental factors, notably the monsoon system of winds and currents, helped lay the basis for the emergence of a sophisticated and durable IOW 'global economy' around 1,500 years before the so-called European 'Voyages of Discovery'. Through his focus on human-environment interaction as the dynamic factor underpinning historical developments, Campbell radically challenges Eurocentric paradigms, and lays the foundations for a new interpretation of IOW history.
651 0 _aIndian Coast (Africa)
_xForeign economic relations
_zIndian Ocean Region.
651 0 _aIndian Ocean Region
_xForeign economic relations
_zIndian Coast (Africa)
651 0 _aIndian Coast (Africa)
_xEconomic conditions
_xHistory.
651 0 _aIndian Ocean Region
_xEconomic conditions
_xHistory.
650 0 _aHuman beings
_xEffect of environment on
_zIndian Ocean Region
_xHistory.
650 0 _aHuman beings
_xEffect of climate on
_zIndian Ocean Region
_xHistory.
650 0 _aHuman ecology
_zIndian Ocean Region.
650 0 _aTrade routes
_zIndian Ocean Region.
830 0 _aNew approaches to African history.
856 4 0 _uhttps://doi.org/10.1017/9781139028769
904 _aRUDRA_R
905 _aR_RANJAN
942 _2ddc
_cEB
999 _c3297
_d3297